|
|
|
|
| LEADER |
01031nam a2200265 u 4500 |
| 001 |
10020356 |
| 003 |
upatras |
| 005 |
20210117205426.0 |
| 008 |
881025m19681970ge ger |
| 040 |
|
|
|a GR-PaULI
|c GR-PaULI
|
| 041 |
0 |
|
|a ger
|
| 082 |
0 |
4 |
|a 515
|
| 100 |
1 |
|
|a Grauert, Hans
|d 1930-
|4 aut
|9 4230
|
| 245 |
1 |
0 |
|a Differential- und integralrechnung
|c Hans Grauert
|
| 260 |
|
|
|a Berlin
|b Springer-Verlag
|c 1970
|
| 300 |
|
|
|a 2 τ.
|c 21 εκ.
|
| 490 |
0 |
|
|a Heidelberger taschenbucher
|v 26
|
| 504 |
|
|
|a Περιέχει βιβλιογραφία
|
| 505 |
0 |
|
|a τ.1: Funktionen einer reellen veranderlichen / Ingo Lieb - 1970 - x, 204 σ. --
|
| 650 |
|
4 |
|a Λογισμός
|9 3056
|
| 760 |
0 |
|
|a Heidelberger taschenbucher
|g 26
|
| 852 |
|
|
|a GR-PaULI
|b ΠΑΤΡΑ
|b ΒΚΠ
|b ΒΣ1
|k ΑΣΧΞ
|h 515 GRA
|m 02124
|p 025000000764
|t 1
|3 v.1
|
| 942 |
|
|
|2 ddc
|c BK15
|
| 952 |
|
|
|0 0
|1 0
|3 v.1
|4 0
|6 515_000000000000000_GRA
|7 0
|9 179262
|a LISP
|b LISP
|c BSC
|d 2016-04-24
|i 02124
|l 0
|o 515 GRA
|p 025000000764
|r 2016-04-24 00:00:00
|t 1
|w 2016-04-24
|y BK15
|
| 999 |
|
|
|c 111081
|d 111081
|